| 000 | 00533nam a2200217Ia 4500 | ||
|---|---|---|---|
| 001 | 3245 | ||
| 005 | 20240113233620.0 | ||
| 007 | ta | ||
| 008 | 170811s1920 ii g b000 u 465 u | ||
| 040 | _aCotton College,Assam | ||
| 041 | _aeng | ||
| 082 |
_a520 _bBh 469 As |
||
| 100 | _aBhandarkar, D R . | ||
| 245 | 0 |
_aHindu Astronomy / _cD R Bhandarkar. _hTextual Documents |
|
| 260 |
_aNew Delhi : _bGOI , _c1920. |
||
| 300 | _c30cm. | ||
| 653 | _aAstronomy | ||
| 942 |
_2ddc _cBK |
||
| 999 |
_c3233 _d3233 |
||